000 00836nmc a2200301 a 4500
003 AR-BaBNM
005 20251128211423.0
008 144020s2003 ||||||||||||||000 | spa||
020 _a950-753-113-0
040 _cAR-BaBNM
100 1 _aLaragione, Lucía
245 1 0 _aEl gran Brancaleone
_by otros cuentos
260 _aBuenos Aires
_bPuerto de Palos
_c2003
300 _a92 p.
_bil.
490 0 _aHora de lectura
_vv. 16
500 _aLectura recomendada a partir de los 10 años
650 4 _aLITERATURA ARGENTINA
650 4 _aLITERATURA INFANTIL
650 4 _aCUENTOS
650 4 _aLITERATURA CONTEMPORANEA
650 4 _aACTIVIDADES DE APRENDIZAJE
650 4 _aANALISIS LITERARIO
653 _aENSENANZA DE LA LITERATURA
655 _aLITERATURA
800 1 _aBasch, Adela
942 _cBK
998 _cmartin
999 _c19610
_d19610